000 00737nam a2200289Ia 4500
005 20260324112536.0
008 008 260324s9999 xx 000 0 eng d
020 _a9781003454571
037 _aEBOOK
040 _aCRL
040 _beng
040 _cCRL
041 _2eng
041 _aeng
084 _qCRL
100 _aImed Ben Dhaou; Giovanni Spagnuolo; Hannu Tenhunen
_91143131
245 0 _aIoT Enabled-DC Microgrids
245 0 _bArchitecture, Algorithms, Applications, and Technologies
260 _bTaylor and Francis
260 _c2024
365 _a
365 _b240
856 _uhttp://www.taylorfrancis.com/books/9781003454571
942 _cEBOOK
999 _c1732375
_d1732375